<?xml version="1.0" encoding="UTF-8"?>
<marc:record xmlns:marc="http://www.loc.gov/MARC21/slim">
   <marc:leader>00000nam a2200000 a 4500</marc:leader>
   <marc:datafield ind1="1" ind2=" " tag="100">
      <marc:subfield code="a">Greve, Andreas</marc:subfield>
      <marc:subfield code="4">aut</marc:subfield>
      <marc:subfield code="e">Verfasser/-in</marc:subfield>
   </marc:datafield>
   <marc:datafield ind1="0" ind2="0" tag="245">
      <marc:subfield code="a">Haben wir auch nichts vergessen?</marc:subfield>
   </marc:datafield>
   <marc:datafield ind1=" " ind2="1" tag="264">
      <marc:subfield code="b">Atlantis</marc:subfield>
      <marc:subfield code="c">2020</marc:subfield>
   </marc:datafield>
   <marc:datafield ind1="1" ind2=" " tag="520">
      <marc:subfield code="a">Das schöne Plätzchen am See macht Lust auf Angeln, aber kein Fisch beißt an. Zum Glück hat Huschl belegte Brote eingepackt.

Oder doch nicht? Prompt fehlt die Brotdose!

Huschl ist untröstlich, doch Hubert muntert ihn auf: Jeder kann mal was vergessen – manche tun es öfter. Gerade weil einiges anders läuft als geplant, ist es ein toller Ausflug. Und am Ende taucht sogar die Brotdose wieder auf.</marc:subfield>
   </marc:datafield>
   <marc:datafield ind1=" " ind2=" " tag="020">
      <marc:subfield code="a">9783715207827</marc:subfield>
      <marc:subfield code="9">9783715207827</marc:subfield>
   </marc:datafield>
</marc:record>
